000 00664nam a2200229Ia 4500
003 OSt
005 20221005042506.0
006 a|||||r|||| 00| 0
007 ta
008 221004b |||||||| |||| 00| 0 eng d
024 _a33022
037 _cTextual
040 _aCRL
_cCRL
_beng
041 _2eng
_aeng
082 _aO11195,2:gN, P6
100 _aBrecht Bertolt and others
_9590536
245 0 _aModern european drama background prose readings
260 _aDelhi
_bWorldvies Publications India
_c2006
650 _aENGLISH DRAMA
942 _hO11195,2:gN, P6
_cTEXL
_2cc
999 _c950354
_d950354